AK’s General Knowledge A-Z #40 - Statistics

General Stats
  • This quiz has been taken 539 times
  • The average score is 19 of 26
Answer Stats
Hint Answer % Correct
V – Mary in the Bible, or extra ______ olive oil Virgin
95%
S – Sesame ______, an American educational children's television series Street
94%
D – Disney film from 1941 (and 2019), where the main character’s real name is Jumbo Jr. Dumbo
93%
E – Code of Hammurabi “___ for an ___”, or what the giant whom Odysseus met in a cave had only one in the first place Eye
93%
B – an elastic cord tied to your ankles in _____ jumping Bungee
92%
J – the island with the largest population, or a programming language Java
89%
K – Tom Cruise and Cameron Diaz movie ______ and Day, or what has been done to a Dame or Sir Knight
89%
T – to touch your finger on a surface repeatedly, or a British term for faucet Tap
89%
A – follows here, precedes noon After
87%
I – I in CSI Investigation
86%
Y – the world’s oldest national park Yellowstone
86%
G – the long-term heating of Earth’s climate system due to human activities, primarily fossil fuel burning Global warming
83%
P – U.S. band Linkin ____ (“One Step Closer”, “What I’ve Done”) Park
83%
C – an association of members joining together for some common purpose, or a suit of playing cards Club
81%
R – country whose capital is Kigali Rwanda
81%
W – sources of water, or H. G. who wrote The War of the Worlds Wells
81%
N – Alfred who patented an explosive and profitable invention in 1867 Nobel
80%
M – a strongly scented herb, or near-perfect (condition) Mint
78%
H – Ishirō who directed Godzilla, or a car Honda
73%
F – 0.0001894 miles, or 0.0003048 km Foot
71%
Q – a wharf, like Singapore’s Boat ____ Quay
56%
O – archipelago in Scotland whose indigenous inhabitants are called Orcadians Orkney
46%
L – American sprinter and long jumper who topped the world rankings in the 100 m, 200 m and long jump events frequently in the 80s Carl Lewis
43%
U – a Turkic ethnic group living in Eastern and Central Asia and abused by the Chinese government Uyghurs
38%
Z – band Babylon ___ with hit “Spaceman” Zoo
34%
X – a Vietnamese currency no longer in use; the word comes from French “sous” meaning penny Xu
22%
No matching quizzes found
Score Distribution
Percent of People with Each Score
Percentile by Number Answered
Your Score History
You have not taken this quiz